MARC details
| 000 -LEADER |
| campo de control de longitud fija |
02614nkc a22003017a 4500 |
| 001 - NÚMERO DE CONTROL |
| campo de control |
85857 |
| 005 - FECHA Y HORA DE LA ÚLTIMA TRANSACCIÓN |
| campo de control |
20260430092936.0 |
| 007 - CAMPO FIJO DE DESCRIPCIÓN FÍSICA--INFORMACIÓN GENERAL |
| campo de control de longitud fija |
kh bo |
| 008 - DATOS DE LONGITUD FIJA--INFORMACIÓN GENERAL |
| campo de control de longitud fija |
260430s1890 sp ||||| |||| |0| i|spa d |
| 040 ## - FUENTE DE CATALOGACIÓN |
| Centro catalogador/agencia de origen |
M-RABA |
| Lengua de catalogación |
spa |
| Centro/agencia transcriptor |
M-RABA |
| 245 01 - MENCIÓN DEL TÍTULO |
| Título |
[Catedral de Santa María de Tudela |
| Resto del título |
: vistas interiores y exteriores] |
| Medio |
[Material gráfico] |
| 260 ## - PUBLICACIÓN, DISTRIBUCIÓN, ETC. |
| Lugar de publicación, distribución, etc. |
: Navarra |
| Fecha de publicación, distribución, etc. |
[ca.1890] |
| 300 ## - DESCRIPCIÓN FÍSICA |
| Extensión |
7 fotografías |
| Otras características físicas |
: aristotipo |
| Dimensiones |
, imagen 23,5 x 18 cm |
| 500 00 - NOTA GENERAL |
| Nota general |
Conjunto de fotografías que representan diferentes vistas de la Catedral de Santa María de Tudela en Navarra. |
| 500 00 - NOTA GENERAL |
| Nota general |
Nota manuscrita a lápiz al verso de las imágenes:<br/>Fot-815: Sin nota manuscrita. Vista de la Puerta del Juicio - Oeste. Catedral de Tudela (Navarra).<br/>Fot-816: "Tudela (Navarra). Torre de --". Esta torre no corresponde a la Catedral, sino a la Iglesia de Santa María Magdalena en Tudela.<br/>Fot-817: "Catedral de Tudela. Navarra. Coro (lado epístola).<br/>Fot-818: "Catedral de Tudela (Navarra)". Vista de Puerta de Santa María - Norte.<br/>Fot-819: "Catedral de Tudela (interior). Crucero".<br/>Fot-820: "Tudela (Navarra). Portada de S.". Refiriéndose a Puerta del portal o la de la Virgen - Sur.<br/>Fot-821: "Parte central del coro de la Catedral de Tudela. Navarra". |
| 610 27 - PUNTO DE ACCESO ADICIONAL DE MATERIA--NOMBRE DE ENTIDAD CORPORATIVA |
| Nombre de entidad corporativa o nombre de jurisdicción como elemento de entrada |
Catedral de Tudela |
| 9 (RLIN) |
71393 |
| 651 #7 - PUNTO DE ACCESO ADICIONAL DE MATERIA--NOMBRE GEOGRÁFICO |
| Nombre geográfico |
Tudela (Navarra, España) |
| 9 (RLIN) |
4755 |
| 655 #0 - TERMINO DE INDIZACIÓN--GENERO/FORMA |
| Datos o término principal de género/forma |
Fotografías de monumentos |
| 9 (RLIN) |
111580 |
| 852 ## - LOCALIZACIÓN |
| Número de control de estantería |
Fot-815; Fot-816; Fot-817; Fot-818; Fot-819; Fot-820; Fot-821 |
| 856 ## - LOCALIZACIÓN Y ACCESO ELECTRÓNICOS |
| Identificador Uniforme de Recurso |
<a href="https://archivoybiblioteca.realacademiabellasartessanfernando.com/cgi-bin/koha/opac-retrieve-file.pl?id=b4ee3691f329dc87a12054a2e4bc7683">https://archivoybiblioteca.realacademiabellasartessanfernando.com/cgi-bin/koha/opac-retrieve-file.pl?id=b4ee3691f329dc87a12054a2e4bc7683</a> |
| Texto de enlace |
Fot-815 |
| 856 ## - LOCALIZACIÓN Y ACCESO ELECTRÓNICOS |
| Identificador Uniforme de Recurso |
<a href="https://archivoybiblioteca.realacademiabellasartessanfernando.com/cgi-bin/koha/opac-retrieve-file.pl?id=7dd6526a7ce369eb0e829656a5f225bb">https://archivoybiblioteca.realacademiabellasartessanfernando.com/cgi-bin/koha/opac-retrieve-file.pl?id=7dd6526a7ce369eb0e829656a5f225bb</a> |
| Texto de enlace |
Fot-816 |
| 856 ## - LOCALIZACIÓN Y ACCESO ELECTRÓNICOS |
| Identificador Uniforme de Recurso |
<a href="https://archivoybiblioteca.realacademiabellasartessanfernando.com/cgi-bin/koha/opac-retrieve-file.pl?id=f8869d105cd8ac994bfef015dc0209c5">https://archivoybiblioteca.realacademiabellasartessanfernando.com/cgi-bin/koha/opac-retrieve-file.pl?id=f8869d105cd8ac994bfef015dc0209c5</a> |
| Texto de enlace |
Fot-817 |
| 856 ## - LOCALIZACIÓN Y ACCESO ELECTRÓNICOS |
| Identificador Uniforme de Recurso |
<a href="https://archivoybiblioteca.realacademiabellasartessanfernando.com/cgi-bin/koha/opac-retrieve-file.pl?id=db73d666b2c3550ed7d91afd5623344e">https://archivoybiblioteca.realacademiabellasartessanfernando.com/cgi-bin/koha/opac-retrieve-file.pl?id=db73d666b2c3550ed7d91afd5623344e</a> |
| Texto de enlace |
Fot-818 |
| 856 ## - LOCALIZACIÓN Y ACCESO ELECTRÓNICOS |
| Identificador Uniforme de Recurso |
<a href="https://archivoybiblioteca.realacademiabellasartessanfernando.com/cgi-bin/koha/opac-retrieve-file.pl?id=a2add0c9980ab18359e1c45828785189">https://archivoybiblioteca.realacademiabellasartessanfernando.com/cgi-bin/koha/opac-retrieve-file.pl?id=a2add0c9980ab18359e1c45828785189</a> |
| Texto de enlace |
Fot-819 |
| 856 ## - LOCALIZACIÓN Y ACCESO ELECTRÓNICOS |
| Identificador Uniforme de Recurso |
<a href="https://archivoybiblioteca.realacademiabellasartessanfernando.com/cgi-bin/koha/opac-retrieve-file.pl?id=58bb52867bbeac0f14356b0bbee09ea0">https://archivoybiblioteca.realacademiabellasartessanfernando.com/cgi-bin/koha/opac-retrieve-file.pl?id=58bb52867bbeac0f14356b0bbee09ea0</a> |
| Texto de enlace |
Fot-820 |
| 856 ## - LOCALIZACIÓN Y ACCESO ELECTRÓNICOS |
| Identificador Uniforme de Recurso |
<a href="https://archivoybiblioteca.realacademiabellasartessanfernando.com/cgi-bin/koha/opac-retrieve-file.pl?id=e81445dc6dcf9b22b7f8aaa3c8010048">https://archivoybiblioteca.realacademiabellasartessanfernando.com/cgi-bin/koha/opac-retrieve-file.pl?id=e81445dc6dcf9b22b7f8aaa3c8010048</a> |
| Texto de enlace |
Fot-821 |
| 942 ## - ELEMENTOS DE ENTRADA SECUNDARIOS (KOHA) |
| Tipo de ítem Koha |
Fotografías |
| Suprimir en OPAC |
No |